=LDR 00000nam 2200000 4500 =001 INLIS00000000000008 =005 20260702043538 =020 ##$$a 978-623-5511-88-7 =082 ##$$a 026.796 =100 1#$$a Angela =245 1 $$a Aneka Tips Merawat Rumah /$c Angela =300 ##$$a 74 ; 14 x21 cm